El buen trabajo /

Uloženo v:
Podrobná bibliografie
Hlavní autor: Schumacher, E.F (autor)
Médium: Kniha
Jazyk:španělština
Vydáno: Madrid, España : Debate, 1980, c1980
Tagy: Přidat tag
Žádné tagy, Buďte první, kdo vytvoří štítek k tomuto záznamu!

MARC

LEADER 00000nam^a2200000^a^4500
001 000561562
005 20250521000000.0
009 20260310131926.612
020 |a 84-7444-030-0 
037 |a Acervo ITESO - Biblioteca 
041 |a ESP 
091 |a FGM. 01560 
100 |a Schumacher, E.F.  |e (autor) 
245 1 3 |a El buen trabajo / 
264 4 |a Madrid, España :  |b Debate,  |c 1980, c1980 
300 |a 190 p. 
336 |a texto  |b txt  |2 rdacontenido 
337 |a sin mediación  |b n  |2 rdamedio 
338 |a volumen  |b nc  |2 rdasoporte 
649 |a XX 
910 |a Fondo Efraín González Morfín 
920 |a Impresos - Libros 
930 |a Fondos Especiales 
905 |a 130 
901 |a 0500386048  |b IT2  |c ESL  |i D88624  |u 20250521 
902 |a https://opac.biblio.iteso.mx/vufind/Record/000561562